[Event "PARAIBA II"]
[Site "http://www.queenalice.com/game.php?id=698722"]
[Date "2009.12.16"]
[Round "-"]
[White "perucona"]
[Black "foxwinehousefox"]
[Result "1-0"]
[WhiteElo "1567"]
[BlackElo "1066"]

1. e4 c6 2. d4 e6 3. Nf3 Bb4+ 4. c3 Ba5 5. b4 Bb6 6. Bg5 f6 7. Be3 Nh6 8. Bxh6
gxh6 9. Na3 O-O 10. Bd3 Qe7 11. O-O Na6 12. Nd2 d5 13. Re1 dxe4 14. Bxe4 c5 15.
bxc5 Ba5 16. c4 Bxd2 17. Qxd2 Qg7 18. g3 e5 19. dxe5 fxe5 20. Qd3 1-0

[Event "Let's Play Chess!"]
[Site "http://www.queenalice.com/game.php?id=698914"]
[Date "2009.12.16"]
[Round "-"]
[White "pegasusapril"]
[Black "foxwinehousefox"]
[Result "1-0"]
[WhiteElo "1570"]
[BlackElo "1066"]

1. e4 c6 2. d3 d5 3. exd5 cxd5 4. Nf3 f6 5. Be2 g5 6. c3 Nh6 7. d4 Bf5 8. O-O
Bxb1 9. Rxb1 Ng4 10. g3 Qd7 11. Re1 Nc6 12. Nd2 Bg7 13. Bxg4 f5 14. Bh5+ Kd8 15.
Bf3 b6 16. Nf1 h5 17. Bxh5 Rxh5 18. Qxh5 Na5 19. Qxg5 Rc8 20. Qxg7 Nc6 21. Bf4
Nb8 22. a3 a5 23. h4 Rc4 24. Bxb8 Rxd4 25. cxd4 a4 26. b4 b5 27. Bf4 Qe8 28.
Rbc1 e6 29. Re3 Qh5 30. Qf6+ Kd7 31. Qxe6+ Kd8 32. Qxd5# 1-0

[Event "AUTO-OPEN-1801"]
[Site "http://www.queenalice.com/game.php?id=699166"]
[Date "2009.12.17"]
[Round "1"]
[White "foxwinehousefox"]
[Black "Paulsains"]
[Result "0-1"]
[WhiteElo "1100"]
[BlackElo "1833"]

1. d4 d5 2. c3 Bf5 3. e3 e6 4. h4 h6 5. f3 Bd6 6. a3 Nf6 7. Nd2 O-O 8. b4 Nbd7
9. f4 Bg4 10. Be2 Bxe2 11. Nxe2 Ng4 12. O-O Nxe3 13. Qe1 Nxf1 14. Qxf1 Qxh4 15.
Nb3 Nf6 16. Na5 Ng4 17. Nxb7 Qh2# 0-1

[Event "AUTO-OPEN-1801"]
[Site "http://www.queenalice.com/game.php?id=699167"]
[Date "2009.12.17"]
[Round "1"]
[White "Paulsains"]
[Black "foxwinehousefox"]
[Result "1-0"]
[WhiteElo "1832"]
[BlackElo "1065"]

1. e4 g6 2. Nf3 e5 3. Nxe5 Nf6 4. Bc4 d6 5. Nxf7 Qd7 6. Nxh8 Nxe4 7. Qf3 Qe7 8.
O-O Bg7 9. Qf7+ Qxf7 10. Nxf7 Nc6 11. Re1 Bf5 12. d3 Nd4 13. Na3 Rd8 14. Ng5 d5
15. dxe4 Bxe4 16. Bxd5 Be5 17. Bxe4 Rd6 18. Nc4 Rf6 19. Nxe5 Nxc2 20. Bxc2 Rc6
21. Nxc6+ Kf8 22. Nxa7 h6 23. Ne6+ Kf7 24. Nxc7 b6 25. Bxh6 b5 26. Naxb5 Kf6 27.
Re6+ Kf7 28. Bxg6+ Kg8 29. Re8# 1-0

[Event "AUTO-OPEN-1801"]
[Site "http://www.queenalice.com/game.php?id=699168"]
[Date "2009.12.17"]
[Round "1"]
[White "foxwinehousefox"]
[Black "Nephi_R"]
[Result "0-1"]
[WhiteElo "1066"]
[BlackElo "1783"]

1. c4 Nf6 2. d4 c5 3. Nc3 d6 4. e3 cxd4 5. exd4 g6 6. Nf3 Bg7 7. Bd3 O-O 8. O-O
Nc6 9. a4 Bg4 10. Qe2 Nxd4 11. Qe3 Nxf3+ 12. gxf3 Bh3 13. Re1 a6 0-1

[Event "AUTO-OPEN-1801"]
[Site "http://www.queenalice.com/game.php?id=699169"]
[Date "2009.12.17"]
[Round "1"]
[White "Nephi_R"]
[Black "foxwinehousefox"]
[Result "1-0"]
[WhiteElo "1781"]
[BlackElo "1066"]

1. d4 d6 2. e4 e5 3. dxe5 dxe5 4. Qf3 Nf6 5. Bc4 Be6 6. Bxe6 fxe6 7. Nc3 Bd6 8.
Bg5 O-O 9. O-O-O Nc6 10. Qh3 Nd4 11. Nf3 h6 12. Nxd4 hxg5 13. Nxe6 1-0

[Event "AUTO-OPEN-1801"]
[Site "http://www.queenalice.com/game.php?id=699170"]
[Date "2009.12.17"]
[Round "1"]
[White "foxwinehousefox"]
[Black "rodriguesr"]
[Result "0-1"]
[WhiteElo "1100"]
[BlackElo "1971"]

1. c4 c5 2. Nc3 Nc6 3. a3 g6 4. e3 Bg7 5. Ne4 Nf6 6. Nxf6+ Bxf6 7. Nf3 O-O 8. b4
cxb4 9. axb4 Bxa1 10. Ng5 Nxb4 11. Qa4 Qb6 12. Qxa1 Nc2+ 13. Kd1 Nxa1 14. Ba3
Qb3+ 15. Ke2 Qxa3 16. Kf3 d6 17. g4 Qa5 18. Kf4 Qe5+ 19. Kf3 Qxg5 20. Bh3 f5 21.
gxf5 Bxf5 22. e4 Bg4+ 23. Kg3 Be2+ 24. Bg4 Qxg4# 0-1

[Event "AUTO-OPEN-1801"]
[Site "http://www.queenalice.com/game.php?id=699171"]
[Date "2009.12.17"]
[Round "1"]
[White "rodriguesr"]
[Black "foxwinehousefox"]
[Result "1-0"]
[WhiteElo "1971"]
[BlackElo "1100"]

1. Nf3 f5 2. g3 h6 3. Bg2 g6 4. Nc3 Nf6 5. d3 Ng4 6. O-O d6 7. e4 fxe4 8. Nxe4
h5 9. Re1 Bg7 10. h3 Ne5 11. d4 Nc4 12. b3 Nb6 13. Bg5 d5 14. Nc5 O-O 15. Nh4
Rxf2 16. Kxf2 Qf8+ 17. Kg1 Bxd4+ 18. Qxd4 c6 19. Rxe7 Qg7 20. Qxg7# 1-0